| 000 | 00686nam a2200217 i 4500 | ||
|---|---|---|---|
| 001 | 133742 | ||
| 003 | ES-MaACL | ||
| 005 | 20250703062106.0 | ||
| 007 | t| | ||
| 008 | 070828s1989 fr ||||1| fre d | ||
| 020 | _a2-262-00594-X | ||
| 080 | _a929 Luis XVI (rey de Francia: 1754-1793) | ||
| 100 | 1 |
_aGiboury, Jacques-Philippe. _956658 |
|
| 245 | 1 | 0 |
_aDictionnaire des régicides _b: 1793 / _cJacques-Philippe Giboury. |
| 260 |
_aParis : _bPerrin, _c[1989] |
||
| 300 |
_a442 p. ; _c20 cm. |
||
| 500 | _aBiblioteca Jacinto MartÃnez Lacalle. | ||
| 600 | 0 | 7 |
_aLuis _bXVI, _cRey de Francia _2 _9152778 |
| 852 |
_aES-MaACL _jE-12046 _bR.139949 |
||
| 999 |
_c133742 _d133742 |
||